Ekologicky čalúnený nábytok

Uložené v:
Podrobná bibliografia
Hlavný autor: Miština, Martin (Autor)
Ďalší autori: Kotradyová, Veronika (Vedúci práce)
Médium: Rukopis Kniha
Jazyk:Slovak
Vydavateľské údaje: 2024
Predmet:
On-line prístup:http://is.stuba.sk/zp/portal_zp.pl?podrobnosti=162169
Tagy: Pridať tag
Žiadne tagy, Buďte prvý, kto otaguje tento záznam!

MARC

LEADER 00000ntm a22000003a 4500
001 stuzp99929
003 SK-STU
005 20240615211645.1
007 ta
008 150427s2015----xo-----f-mn---000-0-slo-d
040 |a STU  |b slo 
041 0 |a slo 
100 1 |a Miština, Martin  |u 055150  |4 aut  |U FAD Fakulta architektúry a dizajnu  |T FAD Ústav interiéru a výstavníctva  |X 110403  |U A5150  |Y 396  |7 110403 
242 0 1 |a Ecological upholstered furniture  |y eng 
245 1 0 |a Ekologicky čalúnený nábytok 
260 |c 2024 
650 4 |a variabilný nábytok  |2 slo 
650 4 |a rozkladacia pohovka  |2 slo 
650 4 |a drevo  |2 slo 
650 4 |a čaúnenie  |2 slo 
650 4 |a univerzálny dizajn  |2 slo 
650 4 |a eko-dizajn  |2 slo 
650 4 |a životný cyklus výrobku  |2 slo 
650 4 |a ekologické čalúnenie  |2 slo 
650 4 |a sofabed  |2 slo 
650 4 |a ergonómia  |2 slo 
650 4 |a dizajn  |2 slo 
650 4 |a eco-design  |2 eng 
650 4 |a eco-upholstery  |2 eng 
650 4 |a universal design  |2 eng 
650 4 |a sofa bed  |2 eng 
650 4 |a product lifecycle  |2 eng 
650 4 |a design  |2 eng 
650 4 |a wood  |2 eng 
650 4 |a upholstery  |2 eng 
650 4 |a ecology  |2 eng 
650 4 |a variable furniture  |2 eng 
650 4 |a sofa  |2 eng 
700 1 |a Kotradyová, Veronika  |u 055150  |k Z1  |4 ths  |U FAD Fakulta architektúry a dizajnu  |T FAD Ústav interiéru a výstavníctva  |X 344  |U A5150  |Y 396  |7 A000000344 
856 4 |u http://is.stuba.sk/zp/portal_zp.pl?podrobnosti=162169